[Event "FRA-chT2 East 0708"]
[Site "France"]
[Date "2007.10.21"]
[Round "1.1"]
[White "Murtez, Hondozi"]
[Black "Horvath, Laszlo"]
[Result "1-0"]
[WhiteElo "2316"]
[BlackElo "2237"]
[PlyCount "50"]
[EventDate "2007.10.21"]
[EventType "team-tourn"]
[EventRounds "11"]
[EventCountry "FRA"]
[SourceTitle "EXT 2009"]
[Source "ChessBase"]
[SourceDate "2008.11.26"]
[SourceVersion "1"]
[SourceVersionDate "2008.11.26"]
[SourceQuality "1"]
[WhiteTeam "Epinal"]
[BlackTeam "Strasbourg II"]
[WhiteTeamCountry "FRA"]
[BlackTeamCountry "FRA"]

1. e4 Nf6 2. e5 Nd5 3. d4 d6 4. exd6 exd6 5. c4 Nb6 6. Nf3 Nc6 7. Be2 Be7 8. 0-0 Bf5 9. a3 0-0 10. Be3 Bf6 11. Nc3 Ne7 12. Rc1 c6 13. h3 Bg6 14. g4 Nec8 15. Bf4 Be7 16. b4 a6 17. c5 Nd7 18. Re1 d5 19. Bd3 Nf6 20. Bxg6 hxg6 21. Qd3 Kh7 22. Ng5+ Kh8 23. Re2 Na7 24. Na4 Nc8 25. Rce1 Bxc5 1-0

[Event "EU-Cup 22nd"]
[Site "Fuegen"]
[Date "2006.10.11"]
[Round "4.3"]
[White "Ondersteijn, Niels"]
[Black "Murtez, Hondozi"]
[Result "0-1"]
[WhiteElo "2288"]
[BlackElo "2318"]
[PlyCount "190"]
[EventDate "2006.10.08"]
[EventType "team-swiss"]
[EventRounds "7"]
[EventCountry "AUT"]
[SourceTitle "CBM 115"]
[Source "ChessBase"]
[SourceDate "2006.11.15"]
[SourceVersion "1"]
[SourceVersionDate "2006.11.15"]
[SourceQuality "1"]
[WhiteTeam "Calder HMC"]
[BlackTeam "Pristina"]
[WhiteTeamCountry "NED"]
[BlackTeamCountry "YUG"]

1. e4 c5 2. Nc3 e6 3. f4 Nc6 4. Nf3 d5 5. Bb5 a6 6. Bxc6+ bxc6 7. d3 a5 8. 0-0 a4 9. Re1 Be7 10. Kh1 Nf6 11. Qe2 0-0 12. e5 Ne8 13. Bd2 Nc7 14. Nd1 Nb5 15. c3 f5 16. Ne3 a3 17. b3 d4 18. cxd4 cxd4 19. Nc4 c5 20. Rac1 Ra6 21. Rg1 Bb7 22. Rcf1 Qe8 23. Qe1 Bd5 24. Qg3 Qh5 25. Ng5 h6 26. Qh3 Qg6 27. Nf3 Qg4 28. Qxg4 fxg4 29. Ne1 h5 30. h3 gxh3 31. Kh2 hxg2 32. Nxg2 Kh7 33. Be1 Rf5 34. Nh4 Bxh4 35. Bxh4 Bxc4 36. bxc4 Nc3 37. Rg2 Ra7 38. Kh3 Raf7 39. Bg5 Rxe5 40. Kh4 Re3 41. Kxh5 Rf5 42. Kg4 Kg6 43. Rfg1 Kf7 44. Rd2 Kg8 45. Rf1 Rf7 46. Kh5 Kh7 47. Rh1 Re2 48. Kg4+ Kg6 49. Rxe2 Nxe2 50. Re1 Nc3 51. Rxe6+ Kh7 52. Ra6 Nxa2 53. Rxa3 Nb4 54. f5 Nc2 55. Ra2 Nb4 56. Rh2+ Kg8 57. Rd2 Ra7 58. Kf4 Kf7 59. Ke5 Ra3 60. Ke4 Ra1 61. Bh4 Rh1 62. Bg3 Rh3 63. Bf4 g6 64. fxg6+ Kxg6 65. Rg2+ Kf6 66. Be5+ Ke6 67. Rg6+ Kf7 68. Rg3 Rh4+ 69. Kf5 Rh5+ 70. Kf4 Ke6 71. Rg6+ Kd7 72. Rg3 Kc6 73. Ke4 Rh1 74. Rg6+ Kb7 75. Rg3 Re1+ 76. Kf4 Kb6 77. Bd6 Re6 78. Be5 Ka5 79. Kf5 Ra6 80. Ke4 Re6 81. Kf5 Rh6 82. Bf4 Rc6 83. Be5 Ka4 84. Ke4 Re6 85. Kf5 Rh6 86. Bf4 Rc6 87. Ke5 Kb3 88. Bd2 Nxd3+ 89. Kd5 Rc8 90. Bg5 Kc2 91. Be7 Nb4+ 92. Ke6 Re8 93. Kd7 Rxe7+ 94. Kxe7 d3 95. Kd6 d2 0-1

[Event "EU-Cup 22nd"]
[Site "Fuegen"]
[Date "2006.10.08"]
[Round "1.3"]
[White "Murtez, Hondozi"]
[Black "Steingrimsson, Hedinn"]
[Result "1/2-1/2"]
[WhiteElo "2318"]
[BlackElo "2466"]
[PlyCount "127"]
[EventDate "2006.10.08"]
[EventType "team-swiss"]
[EventRounds "7"]
[EventCountry "AUT"]
[SourceTitle "EXT 2020"]
[Source "ChessBase"]
[SourceDate "2019.10.17"]
[SourceVersion "1"]
[SourceVersionDate "2019.10.17"]
[SourceQuality "1"]
[WhiteTeam "Pristina"]
[BlackTeam "Reykjavik CC"]
[WhiteTeamCountry "YUG"]
[BlackTeamCountry "ISL"]

1. e4 c5 2. Nf3 d6 3. d4 cxd4 4. Nxd4 Nf6 5. Bd3 Nc6 6. Nxc6 bxc6 7. c4 g6 8. 0-0 Bg7 9. Nc3 0-0 10. Be2 Rb8 11. Qc2 Qc7 12. Bg5 h6 13. Be3 d5 14. Bd4 e5 15. Bc5 Rd8 16. b4 d4 17. Na4 Nd7 18. a3 f5 19. Bd3 f4 20. Rfc1 g5 21. Qe2 g4 22. Be7 Re8 23. Bh4 h5 24. c5 Bf6 25. Bxf6 Nxf6 26. Nb2 Kh7 27. Nc4 Rg8 28. Nd6 f3 29. Qa2 Rg7 30. Bc4 Qe7 31. g3 h4 32. Kf1 Bd7 33. Ke1 Ne8 34. Nxe8 Rxe8 35. Rab1 Kg6 36. b5 hxg3 37. hxg3 cxb5 38. Bd5 a6 39. Kd2 Rh7 40. c6 Bc8 41. c7 Reh8 42. Kd3 Kg7 43. a4 b4 44. Qc4 a5 45. Qb5 Rh2 46. Bb7 Rxf2 47. Bxc8 Rxc8 48. Qb7 Qe8 49. Qd5 Re2 50. Rc6 Re3+ 51. Kd2 Re2+ 52. Kd3 Re3+ 53. Kd2 Re2+ 54. Kd1 Rh2 55. Qd6 Kh7 56. Qf6 d3 57. Qf5+ Kh8 58. Qf6+ Kh7 59. Rb2 Rh1+ 60. Kd2 Qd7 61. Qg6+ Kh8 62. Qf6+ Kh7 63. Qg6+ Kh8 64. Qf6+ 1/2-1/2

[Event "EU-Cup 21st"]
[Site "Saint Vincent"]
[Date "2005.09.22"]
[Round "5.3"]
[White "Murtez, Hondozi"]
[Black "Reyhan, Dogan Heval"]
[Result "1/2-1/2"]
[WhiteElo "2354"]
[BlackElo "2265"]
[PlyCount "42"]
[EventDate "2005.09.18"]
[EventType "team-swiss"]
[EventRounds "7"]
[EventCountry "ITA"]
[SourceTitle "CBM 110"]
[Source "ChessBase"]
[SourceDate "2006.01.31"]
[SourceVersion "1"]
[SourceVersionDate "2006.01.31"]
[SourceQuality "1"]
[WhiteTeam "Pristina"]
[BlackTeam "Marmaris"]
[WhiteTeamCountry "YUG"]
[BlackTeamCountry "TUR"]

1. e4 c5 2. Nf3 d6 3. d4 cxd4 4. Nxd4 Nf6 5. Nc3 a6 6. Bg5 e6 7. Qd2 Be7 8. f3 Nc6 9. 0-0-0 Qc7 10. Bxf6 gxf6 11. Qh6 Nxd4 12. Rxd4 Qc5 13. Rd1 Bd7 14. Kb1 0-0-0 15. Qd2 Bc6 16. Bd3 h5 17. Rhe1 Bf8 18. Qe3 Bh6 19. Qxc5 dxc5 20. Ne2 Rd7 21. Nc1 h4 1/2-1/2

[Event "EU-Cup 21st"]
[Site "Saint Vincent"]
[Date "2005.09.21"]
[Round "4.3"]
[White "Murtez, Hondozi"]
[Black "Goloshchapov, Alexander"]
[Result "0-1"]
[WhiteElo "2354"]
[BlackElo "2519"]
[PlyCount "210"]
[EventDate "2005.09.18"]
[EventType "team-swiss"]
[EventRounds "7"]
[EventCountry "ITA"]
[SourceTitle "CBM 110"]
[Source "ChessBase"]
[SourceDate "2006.01.31"]
[SourceVersion "1"]
[SourceVersionDate "2006.01.31"]
[SourceQuality "1"]
[WhiteTeam "Pristina"]
[BlackTeam "Eynatten"]
[WhiteTeamCountry "YUG"]
[BlackTeamCountry "BEL"]

1. e4 c5 2. Nf3 Nc6 3. d4 cxd4 4. Nxd4 e6 5. g3 Nf6 6. Bg2 Qb6 7. Nb3 d6 8. Be3 Qc7 9. 0-0 Be7 10. Na3 0-0 11. Nb5 Qb8 12. h3 a6 13. N5d4 Qc7 14. Nxc6 bxc6 15. c4 Rb8 16. Qc2 c5 17. Nc1 Nd7 18. Ne2 Bf6 19. Rab1 Ne5 20. Bd2 Nc6 21. a3 a5 22. Bc3 Bxc3 23. Qxc3 e5 24. Rfd1 a4 25. Qc2 Bd7 26. Rd2 Nd4 27. Nxd4 exd4 28. Kh2 Bc6 29. Bf1 Rb3 30. Bd3 Rfb8 31. Re1 h6 32. Qc1 R8b6 33. Ree2 Rb8 34. f4 Re8 35. Qe1 f6 36. Qf2 Re7 37. Qe1 Rb8 38. Qb1 Rbe8 39. Re1 d5 40. Rde2 dxe4 41. Bxe4 Qb7 42. Bh7+ Kf8 43. Qd3 Bf3 44. Rxe7 Rxe7 45. Rxe7 Qxb2+ 46. Qc2 Qxc2+ 47. Bxc2 Kxe7 48. Bd3 f5 49. Kg1 Be4 50. Bxe4 fxe4 51. Kf2 h5 52. g4 Kf6 53. Ke2 Kf7 54. Kd2 Kf8 55. Ke2 Ke8 56. Kd2 Kd7 57. Ke2 Kd8 58. Kd2 Ke8 59. Ke2 Kf8 60. Kd2 Kg8 61. Ke2 Kf8 62. Kd2 Kg8 63. Ke2 Kh8 64. Kd2 Kh7 65. Ke2 Kg6 66. Kd2 Kf6 67. Ke2 g6 68. Kd2 d3 69. Ke3 g5 70. f5 Ke5 71. Kd2 hxg4 72. hxg4 Kd4 73. f6 e3+ 74. Kd1 Kc3 75. f7 e2+ 76. Ke1 Kc2 77. f8Q d2+ 78. Kxe2 d1Q+ 79. Kf2 Qd4+ 80. Kf3 Qd3+ 81. Kf2 Qd2+ 82. Kf3 Qd1+ 83. Kf2 Kb3 84. Qf6 Qd2+ 85. Kg3 Kxc4 86. Qf7+ Kc3 87. Qa7 Qe3+ 88. Kg2 Kb3 89. Qb6+ Kxa3 90. Qb1 Qd2+ 91. Kh1 Qd5+ 92. Kg1 Qd4+ 93. Kh1 Qc3 94. Qf5 Qh3+ 95. Kg1 Qe3+ 96. Kg2 c4 97. Qf8+ Kb3 98. Qb8+ Kc2 99. Qb5 Qe4+ 100. Kh3 Qf3+ 101. Kh2 Qf2+ 102. Kh3 Qh4+ 103. Kg2 Qxg4+ 104. Kh2 c3 105. Qd5 Qe2+ 0-1

[Event "EU-ch 6th"]
[Site "Warsaw"]
[Date "2005.07.01"]
[Round "13"]
[White "Murtez, Hondozi"]
[Black "Praszak, Michal"]
[Result "1-0"]
[WhiteElo "2354"]
[BlackElo "2261"]
[PlyCount "87"]
[EventDate "2005.06.18"]
[EventType "swiss"]
[EventRounds "13"]
[EventCountry "POL"]
[SourceTitle "CBM 108"]
[Source "ChessBase"]
[SourceDate "2005.09.26"]
[SourceVersion "1"]
[SourceVersionDate "2005.09.26"]
[SourceQuality "1"]

1. e4 c5 2. Nf3 d6 3. d4 cxd4 4. Nxd4 Nf6 5. Nc3 g6 6. Be2 Bg7 7. Be3 Nc6 8. Qd2 0-0 9. 0-0-0 Bd7 10. Kb1 Rc8 11. f3 Ne5 12. Bh6 Bxh6 13. Qxh6 Rxc3 14. bxc3 Qa5 15. g4 Qxc3 16. Qd2 Qc7 17. h4 Bxg4 18. Nb5 Qc6 19. fxg4 Nxe4 20. Qb4 Rc8 21. Ka1 a6 22. Nd4 Qc7 23. Rhf1 Nc3 24. Rde1 e6 25. h5 b5 26. Bd3 a5 27. Qb3 a4 28. Qb2 Qc5 29. Ne2 Nxe2 30. Rxe2 Nxd3 31. cxd3 a3 32. Qd2 Qd4+ 33. Kb1 Rc3 34. Re4 Qxd3+ 35. Qxd3 Rxd3 36. Kc2 Rg3 37. h6 Rh3 38. g5 Rg3 39. Ref4 Rxg5 40. Rxf7 Rf5 41. R1xf5 gxf5 42. Rg7+ Kh8 43. Rb7 Kg8 44. Rxb5 1-0

[Event "EU-ch 6th"]
[Site "Warsaw"]
[Date "2005.06.28"]
[Round "10"]
[White "Szoen, Dariusz"]
[Black "Murtez, Hondozi"]
[Result "1-0"]
[WhiteElo "2444"]
[BlackElo "2354"]
[PlyCount "67"]
[EventDate "2005.06.18"]
[EventType "swiss"]
[EventRounds "13"]
[EventCountry "POL"]
[SourceTitle "CBM 108"]
[Source "ChessBase"]
[SourceDate "2005.09.26"]
[SourceVersion "1"]
[SourceVersionDate "2005.09.26"]
[SourceQuality "1"]

1. e4 c5 2. Nf3 Nc6 3. d4 cxd4 4. Nxd4 g6 5. c4 Bg7 6. Be3 Nf6 7. Nc3 0-0 8. Be2 d6 9. 0-0 Bd7 10. Qd2 a6 11. Rfe1 Ng4 12. Nxc6 bxc6 13. Bg5 Be6 14. h3 Ne5 15. b3 f6 16. Be3 c5 17. Nd5 Nc6 18. Rad1 Bf7 19. b4 cxb4 20. Nxb4 Nxb4 21. Qxb4 Qc7 22. Qa3 Qc6 23. c5 dxc5 24. Bxc5 Rfc8 25. Rc1 Bf8 26. Bg4 Re8 27. e5 f5 28. Bf3 Bd5 29. Bd6 Bxf3 30. Rxc6 Bxc6 31. Qb3+ Kg7 32. e6 Kg8 33. Be5 Rad8 34. Ba1 1-0

[Event "EU-ch 6th"]
[Site "Warsaw"]
[Date "2005.06.27"]
[Round "9"]
[White "Murtez, Hondozi"]
[Black "Neubauer, Martin"]
[Result "1/2-1/2"]
[WhiteElo "2354"]
[BlackElo "2457"]
[PlyCount "116"]
[EventDate "2005.06.18"]
[EventType "swiss"]
[EventRounds "13"]
[EventCountry "POL"]
[SourceTitle "CBM 108"]
[Source "ChessBase"]
[SourceDate "2005.09.26"]
[SourceVersion "1"]
[SourceVersionDate "2005.09.26"]
[SourceQuality "1"]

1. e4 d6 2. d4 Nf6 3. Nc3 g6 4. f3 c6 5. Be3 b5 6. Qd2 Nbd7 7. Bh6 Bxh6 8. Qxh6 e5 9. 0-0-0 a6 10. Kb1 Bb7 11. Nh3 Qe7 12. dxe5 dxe5 13. Qe3 0-0 14. Ne2 Rfd8 15. Nc1 c5 16. Be2 Nf8 17. Rxd8 Rxd8 18. Rd1 Rxd1 19. Bxd1 Qd6 20. Qd3 Qxd3 21. Nxd3 N6d7 22. Nhf2 Ne6 23. c3 g5 24. Kc1 Kg7 25. Kd2 f6 26. Ne1 Nb6 27. b3 a5 28. Nc2 Bc8 29. Ne3 Nd8 30. Be2 Bd7 31. Nd3 Nb7 32. a3 Be6 33. b4 cxb4 34. cxb4 axb4 35. Nxb4 Nd6 36. Kc3 Na4+ 37. Kc2 f5 38. exf5 Nxf5 39. Nxf5+ Bxf5+ 40. Kd2 Bd7 41. Nd5 Nc5 42. Nc3 Nb3+ 43. Ke3 Nd4 44. Bd3 Bc6 45. Ne2 Ne6 46. Bf5 Nc7 47. Nc3 h6 48. Be4 Bd7 49. Bd3 Kf6 50. g3 Ke6 51. Be4 Kd6 52. Bc2 Bc6 53. Ne4+ Ke7 54. Bb3 Na6 55. Ba2 b4 56. axb4 Nxb4 57. Bb3 Bxe4 58. Kxe4 Kf6 1/2-1/2

[Event "EU-ch 6th"]
[Site "Warsaw"]
[Date "2005.06.22"]
[Round "5"]
[White "Zelcic, Robert"]
[Black "Murtez, Hondozi"]
[Result "1-0"]
[WhiteElo "2514"]
[BlackElo "2354"]
[PlyCount "45"]
[EventDate "2005.06.18"]
[EventType "swiss"]
[EventRounds "13"]
[EventCountry "POL"]
[SourceTitle "CBM 108"]
[Source "ChessBase"]
[SourceDate "2005.09.26"]
[SourceVersion "1"]
[SourceVersionDate "2005.09.26"]
[SourceQuality "1"]

1. e4 c5 2. Nf3 Nc6 3. d4 cxd4 4. Nxd4 Nf6 5. Nc3 g6 6. Be2 Bg7 7. Nb3 d6 8. 0-0 0-0 9. Bg5 a6 10. a4 b6 11. f4 Be6 12. Kh1 Qc7 13. f5 Bxb3 14. cxb3 Qb7 15. Bc4 Rab8 16. Qe1 Ne5 17. Qh4 Rbc8 18. fxg6 hxg6 19. Bxf6 Bxf6 20. Rxf6 Rxc4 21. bxc4 exf6 22. Nd5 Nd7 23. Ra3 1-0

[Event "EU-ch 6th"]
[Site "Warsaw"]
[Date "2005.06.21"]
[Round "4"]
[White "Galego, Luis"]
[Black "Murtez, Hondozi"]
[Result "1-0"]
[WhiteElo "2493"]
[BlackElo "2354"]
[PlyCount "167"]
[EventDate "2005.06.18"]
[EventType "swiss"]
[EventRounds "13"]
[EventCountry "POL"]
[SourceTitle "CBM 108"]
[Source "ChessBase"]
[SourceDate "2005.09.26"]
[SourceVersion "1"]
[SourceVersionDate "2005.09.26"]
[SourceQuality "1"]

1. e4 c5 2. Nf3 Nc6 3. Nc3 g6 4. g3 Bg7 5. Bg2 Nf6 6. 0-0 0-0 7. d3 d5 8. exd5 Nxd5 9. Bd2 Nxc3 10. Bxc3 Bxc3 11. bxc3 Bg4 12. Qb1 b6 13. Nd2 Qd7 14. Re1 Rac8 15. Qb5 Be6 16. a4 Rfd8 17. Re3 Na5 18. Qxd7 Rxd7 19. c4 Kf8 20. Nf3 h6 21. Ne5 Rd6 22. g4 Bd7 23. Nxd7+ Rxd7 24. Bd5 Kg7 25. Kg2 e6 26. Be4 Rd6 27. h4 Rc7 28. g5 Rd8 29. Rh3 Rh8 30. f4 Rcc8 31. Rah1 hxg5 32. fxg5 Rh5 33. Rf3 Rc7 34. Rf4 Nc6 35. Bxc6 Rxc6 36. Rhf1 Rc7 37. a5 Rh8 38. axb6 axb6 39. Rb1 Rb8 40. Rb2 Rcb7 41. Ra2 Rd8 42. Kf3 e5 43. Re4 f6 44. gxf6+ Kxf6 45. Ra1 Rh8 46. Ke3 Rbh7 47. Rf1+ Ke6 48. Rg4 Rh6 49. Rb1 Rb8 50. Ke4 Kd6 51. Rf1 Ke6 52. Ra1 Kd6 53. Ra7 Rbh8 54. Ke3 Rf8 55. Rb7 Kc6 56. Rg7 Rf6 57. Kd2 Rf2+ 58. Kc3 Rf6 59. Kb3 Re6 60. Ka4 Rf6 61. Re7 Rh5 62. Re8 Rh7 63. Rxe5 Ra7+ 64. Kb3 Rh7 65. Rge4 Rd6 66. Re6 Rxe6 67. Rxe6+ Kb7 68. Re4 Ka6 69. Rg4 Rh5 70. c3 Rh8 71. d4 cxd4 72. cxd4 Rh6 73. Kb4 Rh5 74. d5 Rh8 75. c5 bxc5+ 76. Kxc5 Kb7 77. Kd6 Rh6 78. Ke7 Rh7+ 79. Kf6 Rc7 80. Kxg6 Rc8 81. h5 Rg8+ 82. Kf5 Rh8 83. Rg5 Kc7 84. Kf6 1-0

[Event "EU-ch 6th"]
[Site "Warsaw"]
[Date "2005.06.19"]
[Round "2"]
[White "Andersson, Ulf"]
[Black "Murtez, Hondozi"]
[Result "1/2-1/2"]
[WhiteElo "2579"]
[BlackElo "2354"]
[PlyCount "59"]
[EventDate "2005.06.18"]
[EventType "swiss"]
[EventRounds "13"]
[EventCountry "POL"]
[SourceTitle "CBM 108"]
[Source "ChessBase"]
[SourceDate "2005.09.26"]
[SourceVersion "1"]
[SourceVersionDate "2005.09.26"]
[SourceQuality "1"]

1. Nf3 Nf6 2. c4 g6 3. g3 Bg7 4. Bg2 0-0 5. 0-0 c6 6. d4 d5 7. cxd5 cxd5 8. Nc3 Nc6 9. Ne5 Nxe5 10. dxe5 Ng4 11. Nxd5 Nxe5 12. Bg5 Nc6 13. Nxe7+ Nxe7 14. Qxd8 Rxd8 15. Bxe7 Re8 16. Ba3 Rxe2 17. Bf3 Re8 18. Rac1 Bf8 19. Bxf8 Kxf8 20. h4 Re7 21. Rfd1 Be6 22. a3 h6 23. Rd4 Rae8 24. Kg2 Kg7 25. Rc5 Rc8 26. Rxc8 Bxc8 27. g4 g5 28. hxg5 hxg5 29. Kg3 Be6 30. Be4 1/2-1/2

[Event "EU-Cup 20th"]
[Site "Izmir"]
[Date "2004.10.07"]
[Round "5.3"]
[White "Murtez, Hondozi"]
[Black "Beveridge, Allan"]
[Result "1-0"]
[WhiteElo "2352"]
[BlackElo "2132"]
[PlyCount "59"]
[EventDate "2004.10.03"]
[EventType "team-swiss"]
[EventRounds "7"]
[EventCountry "TUR"]
[SourceTitle "CBM 104"]
[Source "ChessBase"]
[SourceDate "2005.01.27"]
[SourceVersion "1"]
[SourceVersionDate "2005.01.27"]
[SourceQuality "1"]
[WhiteTeam "Pristina"]
[BlackTeam "Dublin"]
[WhiteTeamCountry "YUG"]
[BlackTeamCountry "IRL"]

1. e4 c5 2. Nf3 Nc6 3. d4 cxd4 4. Nxd4 Nf6 5. Nc3 e5 6. Ndb5 d6 7. Bg5 a6 8. Na3 b5 9. Nd5 Be7 10. Bxf6 Bxf6 11. c3 0-0 12. Nc2 Bg5 13. Be2 Be6 14. 0-0 Ne7 15. Ncb4 a5 16. Nxe7+ Qxe7 17. Nc2 Rab8 18. Qd3 Rfd8 19. Ne3 Bxe3 20. Qxe3 d5 21. exd5 Bxd5 22. Rad1 Qc7 23. Rd2 Bc4 24. Bxc4 bxc4 25. Rfd1 f6 26. h3 Rxd2 27. Rxd2 Qc6 28. Qa7 Qb6 29. Qe7 a4 30. Rd7 1-0

[Event "EU-Cup 20th"]
[Site "Izmir"]
[Date "2004.10.06"]
[Round "4.3"]
[White "Murtez, Hondozi"]
[Black "Tofan, Ibrahim"]
[Result "1/2-1/2"]
[WhiteElo "2352"]
[BlackElo "2204"]
[PlyCount "144"]
[EventDate "2004.10.03"]
[EventType "team-swiss"]
[EventRounds "7"]
[EventCountry "TUR"]
[SourceTitle "CBM 104"]
[Source "ChessBase"]
[SourceDate "2005.01.27"]
[SourceVersion "1"]
[SourceVersionDate "2005.01.27"]
[SourceQuality "1"]
[WhiteTeam "Pristina"]
[BlackTeam "Ankara"]
[WhiteTeamCountry "YUG"]
[BlackTeamCountry "TUR"]

1. e4 e6 2. d4 d5 3. Nc3 Bb4 4. Bd3 c5 5. a3 Bxc3+ 6. bxc3 c4 7. Be2 Nf6 8. e5 Ne4 9. Bd2 Qa5 10. Kf1 Nc6 11. f3 Nxd2+ 12. Qxd2 0-0 13. f4 f6 14. Nf3 Bd7 15. g3 Be8 16. Kg2 Bg6 17. Rhb1 Qc7 18. Kg1 Be4 19. exf6 gxf6 20. Rb2 Rae8 21. Rab1 b6 22. Rf1 Qe7 23. Ra2 Kh8 24. Raa1 e5 25. fxe5 fxe5 26. Nxe5 Rxf1+ 27. Rxf1 Nxe5 28. dxe5 Qxa3 29. Bf3 Qc5+ 30. Kg2 Bg6 31. Re1 b5 32. Qxd5 Qxd5 33. Bxd5 Bxc2 34. Bc6 Rb8 35. e6 Bg6 36. e7 Be8 37. Bxe8 Rxe8 38. Re5 a6 39. Re6 Kg7 40. Rxa6 Rxe7 41. Kf3 Rd7 42. Rb6 Rd5 43. Ke4 Rg5 44. Kf4 Rc5 45. g4 h5 46. h3 Rd5 47. Ke4 Rc5 48. Ke3 Kf7 49. Kd4 Rg5 50. Rh6 hxg4 51. hxg4 Ke7 52. Rh5 Rxg4+ 53. Kc5 Kd7 54. Kxb5 Kc7 55. Kc5 Kb7 56. Rh6 Rf4 57. Kb5 Kc7 58. Kc5 Kb7 59. Rh7+ Ka6 60. Rd7 Rh4 61. Rd1 Rg4 62. Rb1 Rh4 63. Rb6+ Ka5 64. Rb1 Ka4 65. Rb4+ Ka3 66. Rxc4 Rh3 67. Kd4 Rh4+ 68. Kd3 Rh3+ 69. Kc2 Rh2+ 70. Kd3 Rh3+ 71. Kd4 Rh4+ 72. Kc5 Rh3 1/2-1/2

[Event "Biel MTO op"]
[Site "Biel"]
[Date "2004.07.23"]
[Round "5"]
[White "Murtez, Hondozi"]
[Black "Wippermann, Till"]
[Result "1/2-1/2"]
[WhiteElo "2345"]
[BlackElo "2427"]
[PlyCount "112"]
[EventDate "2004.07.19"]
[EventType "swiss"]
[EventRounds "11"]
[EventCountry "SUI"]
[SourceTitle "CBM 101 Extra"]
[Source "ChessBase"]
[SourceDate "2004.09.01"]
[SourceVersion "2"]
[SourceVersionDate "2004.09.01"]
[SourceQuality "1"]

1. e4 c5 2. Nf3 d6 3. d4 cxd4 4. Nxd4 Nf6 5. Bd3 Nc6 6. Nxc6 bxc6 7. 0-0 g6 8. c4 Bg7 9. Nc3 0-0 10. h3 Nd7 11. Qc2 Nc5 12. b3 a5 13. Bb2 a4 14. Nxa4 Nxa4 15. Bxg7 Kxg7 16. bxa4 Ra5 17. Qc3+ f6 18. Bc2 Ba6 19. Rfd1 Rc5 20. Bb3 Qd7 21. Qd4 Qe6 22. Rac1 Rb8 23. Rc3 Qe5 24. Qxe5 fxe5 25. Rdc1 Kf6 26. f3 Bc8 27. Kf2 Be6 28. R3c2 h5 29. h4 g5 30. hxg5+ Kxg5 31. g3 Rb4 32. Ke3 Ra5 33. Rh1 Ra8 34. Rch2 Bf7 35. f4+ Kf6 36. fxe5+ Kxe5 37. Rxh5+ Bxh5 38. Rxh5+ Kf6 39. e5+ Kg6 40. g4 d5 41. Bc2+ Kf7 42. cxd5 cxd5 43. g5 Rg8 44. Bf5 Rxa4 45. Rh7+ Kf8 46. g6 Rxa2 47. e6 Rg2 48. Kd4 Rg5 49. Bd3 Ke8 50. Rf7 Kd8 51. Kc5 R5xg6 52. Bxg6 Rxg6 53. Kxd5 Rg1 54. Ke5 Re1+ 55. Kf5 Rf1+ 56. Kg6 Rg1+ 1/2-1/2

[Event "Geneve op"]
[Site "Geneve"]
[Date "2004.01.27"]
[Round "4"]
[White "Murtez, Hondozi"]
[Black "Wohl, Aleksandar H"]
[Result "0-1"]
[WhiteElo "2347"]
[BlackElo "2398"]
[PlyCount "108"]
[EventDate "2004.01.24"]
[EventType "swiss"]
[EventRounds "9"]
[EventCountry "SUI"]
[SourceTitle "CBM 098 Extra"]
[Source "ChessBase"]
[SourceDate "2004.03.10"]
[SourceVersion "2"]
[SourceVersionDate "2004.03.10"]
[SourceQuality "1"]

1. e4 g6 2. d4 Bg7 3. Nf3 d6 4. h3 a6 5. Bd3 c5 6. c3 Nf6 7. 0-0 0-0 8. d5 e6 9. c4 b5 10. Nc3 exd5 11. Nxd5 Nxd5 12. cxd5 Nd7 13. Rb1 Re8 14. Bc2 a5 15. Re1 a4 16. Bf4 Qb6 17. Re3 c4 18. a3 Bb7 19. Qd2 Qc5 20. Qb4 Qxb4 21. axb4 Ra6 22. Ra3 Nf6 23. Re1 Bxd5 24. exd5 Rxe1+ 25. Nxe1 Nxd5 26. Bc1 Nxb4 27. Kf1 d5 28. Ke2 d4 29. Kd1 d3 30. Bb1 Re6 31. Bd2 Nc6 32. Ra2 Nd4 33. Nxd3 cxd3 34. Bxd3 Rd6 35. Bf4 Rd8 36. Bd2 h5 37. g3 Kh7 38. Ke1 Nf3+ 39. Ke2 Ng1+ 40. Ke3 Bd4+ 41. Kf4 Bxf2 42. Ra3 Rd4+ 43. Ke5 Nf3+ 44. Kf6 Nxd2 45. Bxb5 Ne4+ 46. Ke5 Rb4 47. Bxa4 Bxg3+ 48. Kd5 Nf6+ 49. Kc5 Rxb2 50. Bc6 Rc2+ 51. Kb5 h4 52. Ra7 Kg7 53. Bf3 g5 54. Bd1 Rc5+ 0-1

[Event "Geneve op"]
[Site "Geneve"]
[Date "2004.01.26"]
[Round "3"]
[White "Almasi, Istvan"]
[Black "Murtez, Hondozi"]
[Result "1-0"]
[WhiteElo "2425"]
[BlackElo "2347"]
[PlyCount "83"]
[EventDate "2004.01.24"]
[EventType "swiss"]
[EventRounds "9"]
[EventCountry "SUI"]
[SourceTitle "CBM 098 Extra"]
[Source "ChessBase"]
[SourceDate "2004.03.10"]
[SourceVersion "2"]
[SourceVersionDate "2004.03.10"]
[SourceQuality "1"]

1. d4 d5 2. c4 c6 3. Nc3 Nf6 4. e3 e6 5. Nf3 Bd6 6. Bd3 Nbd7 7. e4 dxe4 8. Nxe4 Nxe4 9. Bxe4 Nf6 10. Bc2 h6 11. 0-0 0-0 12. b3 Re8 13. Qd3 b6 14. Bb2 Bb7 15. Rfe1 Rc8 16. Rad1 Be7 17. Ne5 Qc7 18. Ng4 Kf8 19. Nxf6 Bxf6 20. Qh7 Rcd8 21. Ba3+ c5 22. d5 a5 23. Bc1 Ke7 24. g3 Bc8 25. Bf4 e5 26. Bxe5 Qxe5 27. Rxe5+ Bxe5 28. Re1 Kf6 29. Qe4 g6 30. Qh4+ Kg7 31. Rxe5 Rxe5 32. Qxd8 Bh3 33. f3 Re2 34. Qh4 Bd7 35. Qd8 Bh3 36. Be4 Rg2+ 37. Kf1 Rxg3+ 38. Kf2 Rg2+ 39. Ke3 Rxa2 40. Qxb6 a4 41. bxa4 Rxa4 42. Qxc5 1-0